Govt. of
Madhya Pradesh

Memory Management for Dummies (Record no. 32669)

MARC details
000 -LEADER
fixed length control field 004620000a22001810004500
003 - CONTROL NUMBER IDENTIFIER
control field MACL
005 - DATE AND TIME OF LATEST TRANSACTION
control field 20160120124042.0
008 - FIXED-LENGTH DATA ELEMENTS--GENERAL INFORMATION
fixed length control field 160120b xxu||||| |||| 00| 0 eng d
040 ## - CATALOGING SOURCE
Original cataloging agency MACL
Transcribing agency MACL
041 ## - LANGUAGE CODE
Language code of text/sound track or separate title English
082 ## - DEWEY DECIMAL CLASSIFICATION NUMBER
Classification number 658/LAW
100 ## - MAIN ENTRY--PERSONAL NAME
Personal name Law, Doug
9 (RLIN) 33571
245 ## - TITLE STATEMENT
Title Memory Management for Dummies
260 ## - PUBLICATION, DISTRIBUTION, ETC. (IMPRINT)
Name of publisher, distributor, etc. Comdex Computer Publishing
Date of publication, distribution, etc. 1995
Place of publication, distribution, etc. New Delhi
350 ## - PRICE (NR) (BK AM CF MU VM SE) [OBSOLETE]
Price 310
650 ## - SUBJECT ADDED ENTRY--TOPICAL TERM
Topical term or geographic name as entry element General Management
9 (RLIN) 7116
942 ## - ADDED ENTRY ELEMENTS (KOHA)
Koha item type Books
Call number prefix 658/Law
Source of classification or shelving scheme
Holdings
Withdrawn status Lost status Source of classification or shelving scheme Damaged status Not for loan Home library Current library Date acquired Cost, normal purchase price Total Checkouts Full call number Barcode Date last seen Uniform Resource Identifier Price effective from Koha item type
          MACL MACL   310.00   658/LAW CLC003499 29/04/2015 32725 15/04/2015 Books